Economic growth and structure

Gardado en:
Detalles Bibliográficos
Autor Principal: Kuznets, Simon
Formato: Libro
Idioma:Undetermined
Publicado: London Heinemann Educational Books, Ltd. 1965
Những chủ đề:
Các nhãn: Engadir etiqueta
Sen Etiquetas, Sexa o primeiro en etiquetar este rexistro!
Thư viện lưu trữ: Trung tâm Học liệu Trường Đại học Cần Thơ
LEADER 00465nam a2200169Ia 4500
001 CTU_79564
008 210402s9999 xx 000 0 und d
082 |a 338.01 
082 |b K97 
100 |a Kuznets, Simon 
245 0 |a Economic growth and structure 
245 0 |c Simon Kuznets 
260 |a London 
260 |b Heinemann Educational Books, Ltd. 
260 |c 1965 
650 |a Economic development 
980 |a Trung tâm Học liệu Trường Đại học Cần Thơ